Plan de mejoramiento de la red de computadoras de correos de Nicaragua para el periodo 2010 - 2015
Presenta un plan de mejoramiento de la red de computadoras de correos de Nicaragua que ayude a la gestión del uso de la misma y a planificar la implementación de los sistemas informáticos, que resuelvan las necesidades de información de la empresa, para lograr el cumplimiento de las metas y los...
| Main Authors: | , |
|---|---|
| Other Authors: | |
| Format: | Tesis Section = Libro |
| Language: | Undetermined Spanish |
| Published: |
Managua
UNI
2011
|
| Subjects: |
| LEADER | 01160nam a2200253Ia 4500 | ||
|---|---|---|---|
| 008 | 240830s9999 xx 000 0 und d | ||
| 040 | |a BIBLIOTECA-RUPAP Mon 004.6 M722 | ||
| 041 | |a spa | ||
| 082 | |a Mon 004.6 M722 | ||
| 100 | 1 | |a Molina Cerda, Álvaro Ezequiel | |
| 100 | 1 | |b Ruiz Hernández, Adolfo Antonio | |
| 245 | 1 | 0 | |a Plan de mejoramiento de la red de computadoras de correos de Nicaragua para el periodo 2010 - 2015 |
| 260 | |a Managua |b UNI |c 2011 | ||
| 300 | |a 100 p. :il. | ||
| 500 | |a Contiene: anexos e Incluye: CD. | ||
| 502 | |a Tesis (Ingeniero de Sistemas)- UNI, 2011. | ||
| 520 | 3 | |a Presenta un plan de mejoramiento de la red de computadoras de correos de Nicaragua que ayude a la gestión del uso de la misma y a planificar la implementación de los sistemas informáticos, que resuelvan las necesidades de información de la empresa, para lograr el cumplimiento de las metas y los objetivos de la organización. | |
| 650 | 7 | |a REDES DE COMUNICACIÓN | |
| 650 | 7 | |b ANÁLISIS Y DISEÑO DE SISTEMAS | |
| 650 | 7 | |c HARDWARE SOFTWARE | |
| 700 | 1 | |a Tutor: |b Lacayo Cruz, Patricia del Carmen | |
| 942 | |c BK |2 ddc | ||
| 991 | |a TESIS | ||
| 999 | |c 15274 | ||